Nemecko-slovenský a slovensko-nemecký slovník /

Na minha lista:
Detalhes bibliográficos
Autor principal: Vaverková, Irena (xxx)
Formato: Livro
Idioma:idiomas múltiplos
Publicado em: Bratislava : Slovenské pedagogické nakladateľstvo, 1979
Edição:6.vyd.
Assuntos:
Tags: Adicionar Tag
Sem tags, seja o primeiro a adicionar uma tag!

MARC

LEADER 00000nam a22000003a 4500
001 stu39780
005 20150617225725.8
008 930308s1979----cs------------------mul-d
040 |a STU  |b slo 
041 0 |a mul 
044 |a cs 
080 |a 801.323.2=30=854=30 
100 1 |a Vaverková, Irena  |4 xxx 
245 1 |a Nemecko-slovenský a slovensko-nemecký slovník /  |c Irena Vaverková a kol 
250 |a 6.vyd. 
260 |a Bratislava :  |b Slovenské pedagogické nakladateľstvo,  |c 1979 
300 |a 912 s 
650 7 |a Slovníky nemecko slovenské a slovensko nemecké  |2 stusub 
996 |b 284M012303  |c M*6287-1  |l MMKN  |s A  |a 24  |w stu39780_0001